=LDR 00000nam 2200000 4500 =001 INLIS000000000014836 =005 20130612110121 =008 ***********************************Ind** =035 ##$$0010-061300000014836 =041 ##$$a Ind =082 ##$$a 382.1 =090 ##$$a 382.1, Suk r =100 ##$$a Sukarmi =245 ##$$a Regulasi anti dumping di bawah bayang-bayang pasar bebas, Sukarmi =260 ##$$a 2002 $b Jakarta =300 ##$$a xiv, 194 hlm, Ilus, 23 cm =650 ##$$a Perdagangan internasional =850 ##$$a NBPNMAT